000 01068cam a22003257a 4500
003 CHAP
005 20220817041250.0
008 971013s1993 r 00010 d
010 _a9883
011 _a10855
035 _a10093
040 _cCHAP
090 _aFolleto 14206
110 _aFideicomisos Instituídos en Relación con la Agricultura. México
_940733
245 0 _aPresentación del informe anual 1992 y del programa de descuentos y servicios integrales de apoyo 1993
260 _aMorelia, Mich :
_bEl Fideicomiso,
_c1993
300 _a32 p.
_b: ilus
410 _aFIRA
490 0 _aBoletin informativo
_v; XXV (246)
590 _aBATCH-UPD
_b10
_c20130110
_lUCH01
_h0949
590 _aBATCH-UPD
_b10
_c20130410
_lUCH01
_h0604
590 _aBATCH-UPD
_b10
_c20130914
_lUCH01
_h0649
590 _aCONVERSION
_b10
_c20130109
_lUCH01
_h1306
650 1 4 _aCrédito agrícola.
_929022
810 _aFIRA
_941029
830 0 _aBoletin informativo
_v; XXV (246)
901 _aBK
942 _cFOLL
949 _aFolleto 14206
_bBC
_cFOLL
_d-21472
_eTS1
_i10093
_si
999 _c9883
_d9883